书目信息 |
| 题名: |
安全生产法律法规
|
|
| 作者: | ;北京市安全生产技术服务中心 组织编写 | |
| 分册: | ||
| 出版信息: | 北京 煤炭工业出版社 2015 |
|
| 页数: | 360页 | |
| 开本: | 26cm | |
| 丛书名: | ||
| 单 册: | ||
| 中图分类: | D922.544 | |
| 科图分类: | ||
| 主题词: | 安全生产--安全法规--中国--资格考试--自学参考资料 | |
| 电子资源: | ||
| ISBN: | 978-7-5020-4842-6 | |
| 000 | 00907nam0 2200229 450 | |
| 001 | 2358433960 | |
| 005 | 20231217161423.05 | |
| 010 | @a978-7-5020-4842-6@dCNY 45.00 | |
| 100 | @a20150707d2015 em y0chiy0120 ea | |
| 101 | 0 | @achi |
| 102 | @aCN@b110000 | |
| 105 | @ay z 000yy | |
| 200 | 1 | @a安全生产法律法规@Aan quan sheng chan fa lv fa gui@b专著@f北京市安全生产技术服务中心组织编写 |
| 210 | @a北京@c煤炭工业出版社@d2015 | |
| 215 | @a360页@d26cm | |
| 300 | @a北京市注册助理安全工程师资格考试辅导教材 | |
| 330 | @a本书分为综合法律法规、生产安全法律法规和职业卫生法律法规三章,内容包括:危险物品安全、建设项目安全、矿山安全、特种设备安全等。 | |
| 606 | 0 | @a安全生产@x安全法规@y中国@x资格考试@j自学参考资料 |
| 690 | @aD922.544@v5 | |
| 711 | 02 | @a北京市安全生产技术服务中心@Abei jing shi an quan sheng chan ji shu fu wu zhong xin@4组织编写 |
| 801 | 2 | @aCN@b辽宁北配@c20231205 |
| 905 | @aBZT@dD922.544@e2 | |
| 安全生产法律法规/北京市安全生产技术服务中心组织编写.-北京:煤炭工业出版社,2015 |
| 360页;26cm |
| 北京市注册助理安全工程师资格考试辅导教材 |
| ISBN 978-7-5020-4842-6:CNY 45.00 |
| 本书分为综合法律法规、生产安全法律法规和职业卫生法律法规三章,内容包括:危险物品安全、建设项目安全、矿山安全、特种设备安全等。 |
| ● |
| 相关链接 |
|
|
|
正题名:安全生产法律法规
索取号:D922.544/2
 
预约/预借
| 序号 | 登录号 | 条形码 | 馆藏地/架位号 | 状态 | 备注 |
| 1 | 2001632154 | 2001632154 | 辽三/辽宁北配(第三批)/2777/ [索取号:D922.544/2] | 在馆 | |
| 2 | 2001632155 | 2001632155 | 辽三/辽宁北配(第三批)/2777/ [索取号:D922.544/2] | 在馆 | |
| 3 | 2001632156 | 2001632156 | 辽三/辽宁北配(第三批)/2777/ [索取号:D922.544/2] | 在馆 | |
| 4 | 2001632157 | 2001632157 | 辽三/辽宁北配(第三批)/2777/ [索取号:D922.544/2] | 在馆 | |
| 5 | 2001632158 | 2001632158 | 辽三/辽宁北配(第三批)/2777/ [索取号:D922.544/2] | 在馆 | |
| 6 | 2001632159 | 2001632159 | 辽三/辽宁北配(第三批)/2777/ [索取号:D922.544/2] | 在馆 | |
| 7 | 2001632160 | 2001632160 | 辽三/辽宁北配(第三批)/2777/ [索取号:D922.544/2] | 在馆 | |
| 8 | 2001632161 | 2001632161 | 辽三/辽宁北配(第三批)/2777/ [索取号:D922.544/2] | 在馆 | |
| 9 | 2001632162 | 2001632162 | 辽三/辽宁北配(第三批)/2777/ [索取号:D922.544/2] | 在馆 | |
| 10 | 2001632163 | 2001632163 | 辽三/辽宁北配(第三批)/2777/ [索取号:D922.544/2] | 在馆 | |
| 11 | 2001632164 | 2001632164 | 辽三/辽宁北配(第三批)/2777/ [索取号:D922.544/2] | 在馆 | |
| 12 | 2001632165 | 2001632165 | 辽三/辽宁北配(第三批)/2777/ [索取号:D922.544/2] | 在馆 | |
| 13 | 2001632166 | 2001632166 | 辽三/辽宁北配(第三批)/2777/ [索取号:D922.544/2] | 在馆 | |
| 14 | 2001632167 | 2001632167 | 辽三/辽宁北配(第三批)/2777/ [索取号:D922.544/2] | 在馆 | |
| 15 | 2001632168 | 2001632168 | 辽三/辽宁北配(第三批)/2777/ [索取号:D922.544/2] | 在馆 | |
| 16 | 2001632169 | 2001632169 | 辽三/辽宁北配(第三批)/2777/ [索取号:D922.544/2] | 在馆 | |
| 17 | 2001632170 | 2001632170 | 辽三/辽宁北配(第三批)/2777/ [索取号:D922.544/2] | 在馆 | |
| 18 | 2001632171 | 2001632171 | 辽三/辽宁北配(第三批)/2777/ [索取号:D922.544/2] | 在馆 | |
| 19 | 2001632172 | 2001632172 | 辽三/辽宁北配(第三批)/2777/ [索取号:D922.544/2] | 在馆 | |
| 20 | 2001632173 | 2001632173 | 辽三/辽宁北配(第三批)/2777/ [索取号:D922.544/2] | 在馆 | |
| 21 | 2001632174 | 2001632174 | 辽三/辽宁北配(第三批)/2777/ [索取号:D922.544/2] | 在馆 | |
| 22 | 2001632175 | 2001632175 | 辽三/辽宁北配(第三批)/2777/ [索取号:D922.544/2] | 在馆 | |
| 23 | 2001632176 | 2001632176 | 辽三/辽宁北配(第三批)/2777/ [索取号:D922.544/2] | 在馆 | |
| 24 | 2001632177 | 2001632177 | 辽三/辽宁北配(第三批)/2777/ [索取号:D922.544/2] | 在馆 | |
| 25 | 2001632178 | 2001632178 | 辽三/辽宁北配(第三批)/2777/ [索取号:D922.544/2] | 在馆 | |
| 26 | 2001632179 | 2001632179 | 辽三/辽宁北配(第三批)/2777/ [索取号:D922.544/2] | 在馆 | |
| 27 | 2001632180 | 2001632180 | 辽三/辽宁北配(第三批)/2777/ [索取号:D922.544/2] | 在馆 | |
| 28 | 2001632181 | 2001632181 | 辽三/辽宁北配(第三批)/2777/ [索取号:D922.544/2] | 在馆 | |
| 29 | 2001632182 | 2001632182 | 辽三/辽宁北配(第三批)/2777/ [索取号:D922.544/2] | 在馆 | |
| 30 | 2001632183 | 2001632183 | 辽三/辽宁北配(第三批)/2777/ [索取号:D922.544/2] | 在馆 |